00373nam a2200133Ia 4500008004100000020001500041040001200056082001400068100002300082245005900105250001200164260005100176300001200227200103s9999||||xx |||||||||||||| ||und|| a8123903995 aIMU-MPC aColumn-25 aSingh, Abhay Kumar 0aSolutions to I.E. Irodov's problems in General Physics a2nd ed. bCBS Publishers & Distributors, New Delhic2004 avi, 424